00334nam a2200133Ia 4500003000400000005001700004008004100021040000900062082001500071100002700086245004700113260003100160300000900191OSt20200703100522.0190216s9999||||xx |||||||||||||| ||und|| coclc a942bKAR/H aKarively, Luka Mathen  0aHistory Of England /cLuka Mathen Karively bS Vishwanathan Pvt,c1996. a289p